000 nam a22 7a 4500
999 _c10097
_d10097
008 180212b ||||| |||| 00| 0 eng d
100 _aBanda, M K
_96116
245 _aReading like nelson, Mandela
260 _aNew Delhi
_bAravind kumar Publication
_c2013